00410nam a2200181Ia 4500008004000000041000800040082001200048100001700060245004400077260003900121650001300160650000700173650001100180650001100191650000600202650001100208650000900219210210b1926 xxu||||| |||| 00| 0 eng d aeng a821/236 aFOWLER (J H) aGolden treasury of modern lyrics book I aLondonbMacmillan & Co. Ltd.c1926 atreasury aof amodern alyrics aI aGolden abook